Homeopathy for common ailments

Bibliographic Details
Main Author: Hayfield, Robin
Format: Book
Published: London : Gaia Books , 1993
Subjects:

MARC

LEADER 00000cam a2200000 7i4500
001 0000001355
002 000001492
005 20000330.0
020 |a 1856750213 
090 0 0 |a 615.532   |b HAY 
100 1 |a Hayfield, Robin 
245 1 0 |a Homeopathy for common ailments   |c Robin Hayfield 
260 |a London :   |b Gaia Books ,   |c 1993 
300 |a 95p. :   |b ill. ;   |c 25cm. 
650 0 0 |a Homeopathy   |x Popular works 
999 |a 032731   |b BUKU   |c PINJAMAN   |e PERPUSTAKAAN KOMUNITI PETALING JAYA 
999 |a 032732   |b BUKU   |c PINJAMAN   |e PERPUSTAKAAN KOMUNITI PETALING JAYA